Construction zone / (Record no. 7272)
[ view plain ]
| 000 -LEADER | |
|---|---|
| fixed length control field | 02086nam a22002417a 4500 |
| 001 - CONTROL NUMBER | |
| control field | 7272 |
| 003 - CONTROL NUMBER IDENTIFIER | |
| control field | FISKH |
| 005 - DATE AND TIME OF LATEST TRANSACTION | |
| control field | 20250707100216.0 |
| 008 - FIXED-LENGTH DATA ELEMENTS--GENERAL INFORMATION | |
| fixed length control field | 250707b cb ||||| |||| 00| 0 eng d |
| 020 ## - INTERNATIONAL STANDARD BOOK NUMBER | |
| International Standard Book Number | 9780545620246 |
| 040 ## - CATALOGING SOURCE | |
| Original cataloging agency | FISKH |
| Language of cataloging | eng |
| Transcribing agency | FISKH |
| Modifying agency | FISKH |
| 050 ## - LIBRARY OF CONGRESS CALL NUMBER | |
| Classification number | TH375 .H83 |
| 082 ## - DEWEY DECIMAL CLASSIFICATION NUMBER | |
| Classification number | 690 |
| 100 ## - MAIN ENTRY--PERSONAL NAME | |
| Personal name | Hudson, Cheryl Willis |
| 245 ## - TITLE STATEMENT | |
| Title | Construction zone / |
| Statement of responsibility, etc. | Photographs by Richard Sobol ; Text by Cheryl Willis Hudson |
| 260 ## - PUBLICATION, DISTRIBUTION, ETC. | |
| Place of publication, distribution, etc. | New York : |
| Name of publisher, distributor, etc. | Scholastic, |
| Date of publication, distribution, etc. | 2006. |
| 300 ## - PHYSICAL DESCRIPTION | |
| Extent | 32 unnumbered pages : |
| Other physical details | color illustrations ; |
| Dimensions | 26 cm |
| 520 ## - SUMMARY, ETC. | |
| Summary, etc. | Put on your hard hat and step inside the construction zone: you're invited on a virtual tour of a building in progress. Put on your hard hat and step inside CONSTRUCTION ZONE! Caution! Construction zone ahead! Anyone who has ever stopped to watch a big building going up - and who hasn't? - will be thrilled by this behind-the-scenes look at an amazing construction project. Young readers are invited to come on a virtual tour of a building in progress, led by award-winning photographer Richard Sobol. It takes hundreds of workers, thousands of trucks and machines, and millions of nails and bolts to transform an idea on paper into an actual building in which people will live, play, shop, or work. Every single piece of the construction puzzle - big and small - must fit together flawlessly. With a clear, direct narrative and handy definitions of construction-related jobs, machines, and terms, Cheryl Willis Hudson distills this most complex of projects into language a young child can grasp. The building itself - the Stata Center at the Massachusetts Institute of Technology, designed by Pritzker Prize-winning architect Frank O. Gehry - is playful and colorful, sculpted to excite, delight, and surprise. Richard Sobol's vivid color photographs capture all the excitement of the busy construction site, while offering a close-up view of its breathtaking genius. |
| 650 ## - SUBJECT ADDED ENTRY--TOPICAL TERM | |
| Topical term or geographic name entry element | Architecture |
| Form subdivision | Building sites |
| General subdivision | Construction |
| 700 ## - ADDED ENTRY--PERSONAL NAME | |
| Personal name | Sobol, Richard |
| Relator term | illustrator |
| 942 ## - ADDED ENTRY ELEMENTS (KOHA) | |
| Source of classification or shelving scheme | Dewey Decimal Classification |
| Koha item type | Books |
| Suppress in OPAC | No |
| Withdrawn status | Lost status | Source of classification or shelving scheme | Damaged status | Not for loan | Collection | Home library | Current library | Shelving location | Date acquired | Total Checkouts | Full call number | Barcode | Date last seen | Copy number | Price effective from | Koha item type |
|---|---|---|---|---|---|---|---|---|---|---|---|---|---|---|---|---|
| Dewey Decimal Classification | Non-Fiction | Footprints International School Library Network Toul Kork Campus | Footprints International School Library Network Toul Kork Campus | A TK Campus, 4th Floor, Room B401, Non-Fiction Bookcases(7-8) | 07/07/2025 | HUD 690 TH375 .H83 | FISBK06051 | 07/07/2025 | 1 | 07/07/2025 | Books | |||||
| Dewey Decimal Classification | Non-Fiction | Footprints International School Library Network Toul Tom Poung Campus | Footprints International School Library Network Toul Tom Poung Campus | TTP Secondary Non-Fiction Bookshelves | 09/11/2025 | HUD 690 TH375 .H83 | FIS02068 | 09/11/2025 | 2 | 09/11/2025 | Books | |||||
| Dewey Decimal Classification | Non-Fiction | Footprints International School Library Network Toul Tom Poung Campus | Footprints International School Library Network Toul Tom Poung Campus | TTP Secondary Non-Fiction Bookshelves | 10/30/2025 | HUD 690 TH375 .H83 | FISTK01982 | 10/30/2025 | 3 | 10/30/2025 | Books |
